Το ελληνικό τραπεζικό σύστημα στη <<Μετά-Ο.Ν.Ε.>> εποχή : μύθοι και πραγματικότητα γύρω από τις κοινωνικές επιπτώσεις : πτυχιακή εργασία

Αποθηκεύτηκε σε:
Λεπτομέρειες βιβλιογραφικής εγγραφής
Κύριος συγγραφέας: Μπουλμέτης, Κωνσταντίνος
Συγγραφή απο Οργανισμό/Αρχή: Πανεπιστήμιο Αιγαίου Σχολή Κοινωνικών Επιστημών Τμήμα Κοινωνιολογίας
Άλλοι συγγραφείς: Γρηγορίου, Πάνος (Εισηγητής διατριβής)
Μορφή: Thesis Βιβλίο
Γλώσσα:Greek
Δημοσίευση: Μυτιλήνη : Πανεπιστήμιο Αιγαίου, Τμήμα Κοινωνιολογίας, 2004
Θέματα:
Διαθέσιμο Online:http://hdl.handle.net/11610/7781
Ετικέτες: Προσθήκη ετικέτας
Δεν υπάρχουν, Καταχωρήστε ετικέτα πρώτοι!

MARC

LEADER 00000cam a2200000 i 4500
001 1/85556
008 050919s2004 gre d
035 |l 10080307 
040 |a GR-MY-UA  |b gre  |e aacr 
041 0 |a gre 
082 0 |a 332.45  |2 (22) 
100 1 |a Μπουλμέτης, Κωνσταντίνος. 
245 1 3 |a Το ελληνικό τραπεζικό σύστημα στη <<Μετά-Ο.Ν.Ε.>> εποχή :  |b μύθοι και πραγματικότητα γύρω από τις κοινωνικές επιπτώσεις : πτυχιακή εργασία /  |c Κωνσταντίνος Μπουλμέτης ; Παναγιώτης Γρηγορίου 
260 |a Μυτιλήνη :   |b Πανεπιστήμιο Αιγαίου, Τμήμα Κοινωνιολογίας,   |c 2004 
300 |a 83 σ.;  |c 30 εκ. 
502 |a Πτυχιακή εργασία – Πανεπιστήμιο Αιγαίου, Λέσβος, 2004. 
504 |a Βιβλιογραφία: σ. 79-82 
650 0 0 |a Banks and banking  |z Greece. 
650 0 0 |a Monetary policy  |z European Union countries. 
650 0 0 |a Euro. 
650 0 0 |a Euro area. 
650 0 0 |a Dissertations, Academic  |z Greece. 
700 1 |a Γρηγορίου, Πάνος.  |4 ths 
710 2 |a Πανεπιστήμιο Αιγαίου  |b Σχολή Κοινωνικών Επιστημών  |b Τμήμα Κοινωνιολογίας. 
852 |a INST  |b LESVOS  |c DIATR  |e 20050919  |h 147  |p 005100032623  |q 005100032623  |t DIE  |y 23 
852 |a INST  |b LESVOS  |c DIATR  |e 20050919  |h 148  |p 005100032624  |q 005100032624  |t DIE  |y 23 
856 |u http://hdl.handle.net/11610/7781 
901 |a BIBL1-2005-3 
909 |a Λ  |b 115246 
909 |a Λ  |b 115247 
924 |a ΜΠΟΥΛΜΕΤΗΣ  |b ΚΩΝΣΤΑΝΤΙΝΟΣ  |y ΛΕΣΒΟΣ  |z 2004-10 
970 |a ΜΑΡΙΝΑΤΟΥ  |b ΜΥΡΣΙΝΗ  |z 2005/09/19